Les villes allemandes de plus de 400 000 habitants (mort subite) - Statistiques

Statistiques générales
  • Ce quiz a été pris 115 fois
    112 depuis la dernière actualisation
  • Le résultat moyen est 7 sur 16
Answers on the Grid
Answers color-coded by a green-red scale on the quiz's grid according to % correct below.
Munich
Aix-la-Chapelle
Leverkusen
Cologne
Hambourg
Bonn
Brême
Duisbourg
Mannheim
Monchengladbach
Berlin
Mayence
Sarrebruck
Stuttgart
Trèves
Hanovre
Bochum
Nuremberg
Bielefeld
Dresde
Essen
Leipzig
Cassel
Düsseldorf
Munster
Ulm
Francfort-sur-le-Main
Augsbourg
Potsdam
Dortmund
 
Statistiques - réponses
Réponse % Correct
Munich
97%
Hambourg
71%
Berlin
68%
Cologne
66%
Francfort-sur-le-Main
55%
Stuttgart
51%
Dortmund
49%
Düsseldorf
43%
Leipzig
39%
Hanovre
38%
Brême
36%
Essen
23%
Nuremberg
23%
Dresde
22%
Duisbourg
8%
Augsbourg
5%
Aucun quiz correspondant
Distribution des résultats
% des personnes avec chaque résultat
Percentile par nombre de réponses
Votre historique - résultats
Vous n’avez pas pris ce quiz depuis la dernière actualisation